Memoria del Taller Interuniversitario para la incorporación de la dimensión ambiental en el quehacer de las universidades costarricenses /
में बचाया:
| मुख्य लेखक: | |
|---|---|
| अन्य लेखक: | , , , , |
| स्वरूप: | पुस्तक |
| भाषा: | Spanish |
| प्रकाशित: |
[San José, Costa Rica] :
Oficina de Planificación de la Educación Superior. Comisión Interuniversitaria de Educación Ambiental,
1995
|
| विषय: | |
| टैग: |
टैग जोड़ें
कोई टैग नहीं, इस रिकॉर्ड को टैग करने वाले पहले व्यक्ति बनें!
|
MARC
| LEADER | 00000nam a2200000Ia 4500 | ||
|---|---|---|---|
| 008 | 180417b1995 cr ||||| |||| 00| 0 spa d | ||
| 999 | |c 1728 |d 1728 | ||
| 090 | |a 06.03.04 |b 935 | ||
| 100 | 1 | |9 232 |a Charpentier Esquivel, Claudia | |
| 245 | 1 | 0 | |a Memoria del Taller Interuniversitario para la incorporación de la dimensión ambiental en el quehacer de las universidades costarricenses / |c Claudia Charpentier; Lidia Hernández; Benjamín Mora; Sonia Rojas; Rosemile Ramsbotton; María E. Zúñiga |
| 260 | |a [San José, Costa Rica] : |b Oficina de Planificación de la Educación Superior. Comisión Interuniversitaria de Educación Ambiental, |c 1995 | ||
| 300 | |a 71 páginas | ||
| 650 | 1 | 4 | |a EDUCACIÓN AMBIENTAL |9 439 |
| 650 | 1 | 4 | |a EDUCACIÓN SUPERIOR |9 8 |
| 650 | 1 | 4 | |a POLÍTICA UNIVERSITARIA |9 2814 |
| 700 | 1 | |a Hernández Rojas, Lidia |9 233 | |
| 700 | 1 | |a Mora, Benjamín |9 3567 | |
| 700 | 1 | |a Rojas, Sonia |9 3566 | |
| 700 | 1 | |a Ramsbottom, Rosemile |9 3568 | |
| 700 | 1 | |a Zúñiga, María E. |9 235 | |
| 942 | |i 001531 |h 06.03.04 935 |2 z |c 01 | ||
